000 00970nam a2200253 i 4500
001 000038104
003 DO-SdBNP
005 20240215085048.0
007 ta
008 110427s1944 dr 000 0 spa d
040 _aDO-SdBNP
_bspa
_cBNPHU
_erda
082 _222
_bC322m
100 _aCartagena Pérez, Helvia
_eautora
_984800
245 1 _aMiscelanea :
_bobtención de ácido palmítico y alcohol cetílico, puros a favor de un formulario nacional, valoración de quinina en preparación farmacéuticos /
_cHelvia Cartagena Pérez
264 _aCiudad Trujillo :
_bImpremta ABC Mota,
_c1944
300 _a14 paginas ;
_c22 cm.
336 _2rdacontent
_atexto
_btxt
337 _2rdamedia
_asin mediación
_bn
338 _2rdacarrier
_avolumen
_bnc
505 _aLos trabajos primero y último han sido hechos en el laboratorio de la facultad de farmacia de la Universidad de Santo Domingo
590 _aInventariado, 2024/ DG
910 _aDG
942 _2ddc
_cLF2
999 _c55723
_d55723